[Event "London Classic op"]
[Site "London"]
[Date "2011.12.11"]
[Round "9"]
[White "Hansen, Pal Andreas"]
[Black "Blazquez, Denis"]
[Result "1/2-1/2"]
[WhiteElo "2056"]
[BlackElo "2178"]
[PlyCount "39"]
[EventDate "2011.12.03"]
[EventType "swiss"]
[EventRounds "9"]
[EventCountry "ENG"]
[SourceTitle "CBM 145 Extra"]
[Source "ChessBase"]
[SourceDate "2012.01.03"]
[SourceVersion "1"]
[SourceVersionDate "2012.01.03"]
[SourceQuality "1"]

1. e4 c5 2. Nf3 Nf6 3. Nc3 Nc6 4. d4 cxd4 5. Nxd4 d6 6. Be2 e5 7. Nb3 Be7 8. 0-0 0-0 9. Bg5 a5 10. Nd2 Be6 11. Bxf6 Bxf6 12. Nc4 Nd4 13. Bd3 Bg5 14. Nd5 b5 15. Nce3 Rb8 16. c3 Nc6 17. Qe2 Bxe3 18. Nxe3 Qb6 19. Kh1 Ne7 20. Qf3 1/2-1/2

[Event "London Classic op"]
[Site "London"]
[Date "2011.12.05"]
[Round "3"]
[White "Hansen, Pal Andreas"]
[Black "Homolka, Vincent"]
[Result "1-0"]
[WhiteElo "2056"]
[BlackElo "1859"]
[PlyCount "69"]
[EventDate "2011.12.03"]
[EventType "swiss"]
[EventRounds "9"]
[EventCountry "ENG"]
[SourceTitle "CBM 145 Extra"]
[Source "ChessBase"]
[SourceDate "2012.01.03"]
[SourceVersion "1"]
[SourceVersionDate "2012.01.03"]
[SourceQuality "1"]

1. d4 Nf6 2. c4 g6 3. Nf3 Bg7 4. Nc3 d5 5. e3 0-0 6. b4 c6 7. Bb2 Bf5 8. Be2 Nbd7 9. 0-0 Ne4 10. Rc1 Nxc3 11. Bxc3 Re8 12. cxd5 cxd5 13. Qb3 Nf6 14. Bb2 Qb6 15. Ba3 Rec8 16. b5 Bf8 17. Ne5 Be6 18. Bc5 Qd8 19. a4 Nd7 20. Nxd7 Qxd7 21. a5 Qd8 22. b6 a6 23. Bf3 Qd7 24. Rc3 Rc6 25. Rfc1 Rac8 26. h3 h5 27. Qa2 Rb8 28. Bd1 Qd8 29. Qa3 Rcc8 30. Ba4 Bd7 31. Bxd7 Qxd7 32. Bb4 e6 33. Rc7 Bxb4 34. Qxb4 Qd8 35. Qc5 1-0

[Event "London Classic op"]
[Site "London"]
[Date "2011.12.03"]
[Round "1"]
[White "Hansen, Pal Andreas"]
[Black "Pert, Nicholas"]
[Result "0-1"]
[WhiteElo "2056"]
[BlackElo "2563"]
[PlyCount "50"]
[EventDate "2011.12.03"]
[EventType "swiss"]
[EventRounds "9"]
[EventCountry "ENG"]
[SourceTitle "CBM 145 Extra"]
[Source "ChessBase"]
[SourceDate "2012.01.03"]
[SourceVersion "1"]
[SourceVersionDate "2012.01.03"]
[SourceQuality "1"]

1. d4 e6 2. Nf3 f5 3. g3 Nf6 4. Bg2 Be7 5. 0-0 0-0 6. b3 a5 7. Bb2 a4 8. c4 Ne4 9. d5 a3 10. Bd4 c5 11. Bc3 Bf6 12. Qc2 d6 13. Nfd2 Nxc3 14. Nxc3 Na6 15. dxe6 Nb4 16. Qc1 Nc6 17. e7 Nxe7 18. Rb1 Kh8 19. Nf3 Qa5 20. Nd1 d5 21. cxd5 Nxd5 22. Nd2 Be6 23. Nc4 Qa6 24. Bf3 Nb4 25. Nde3 Nxa2 0-1

[Event "Bergen Grand Prix"]
[Site "Bergen"]
[Date "2011.11.13"]
[Round "4"]
[White "Hansen, Pal Andreas"]
[Black "Martinsen, Stig K"]
[Result "1/2-1/2"]
[WhiteElo "1957"]
[BlackElo "2119"]
[PlyCount "93"]
[EventDate "2011.11.11"]
[EventType "swiss"]
[EventRounds "5"]
[EventCountry "NOR"]
[SourceTitle "EXT 2023"]
[Source "ChessBase"]
[SourceDate "2022.10.05"]
[SourceVersion "1"]
[SourceVersionDate "2022.10.05"]
[SourceQuality "1"]

1. c4 b6 2. Nc3 Bb7 3. d4 e6 4. e4 Bb4 5. Bd3 f5 6. d5 fxe4 7. Bxe4 Qh4 8. Qe2 Nf6 9. Bf3 0-0 10. Be3 Ne4 11. Qd3 exd5 12. cxd5 Nc5 13. Qc2 Nba6 14. 0-0-0 Bxc3 15. Qxc3 Qb4 16. Ne2 Rae8 17. Rd4 Qxc3+ 18. Nxc3 d6 19. Rhd1 Nd7 20. Bg4 Nf6 21. Be6+ Kh8 22. Ra4 Ra8 23. Nb5 Ne8 24. f3 c6 25. dxc6 Bxc6 26. Rxa6 Bxb5 27. Ra3 Nc7 28. Rxd6 Nxe6 29. Rxe6 Rac8+ 30. Rc3 Rxc3+ 31. bxc3 Rf7 32. Bd4 Kg8 33. a3 Bf1 34. Re8+ Rf8 35. Re1 Bb5 36. Kd2 Re8 37. Rxe8+ Bxe8 38. c4 g6 39. Kc3 h5 40. Kb4 Kf7 41. a4 Ke7 42. a5 bxa5+ 43. Kxa5 Bf7 44. c5 Bc4 45. Be5 Kd7 46. Bb8 a6 47. Kb6 1/2-1/2

[Event "NOR-ch U26"]
[Site "Oslo"]
[Date "2011.11.??"]
[Round "4"]
[White "Kovachev, Daniel Jakobsen"]
[Black "Hansen, Pal Andreas"]
[Result "1-0"]
[WhiteElo "2300"]
[BlackElo "1960"]
[PlyCount "63"]
[EventDate "2011.11.25"]
[EventType "swiss"]
[EventRounds "7"]
[EventCountry "NOR"]
[SourceTitle "EXT 2024"]
[Source "ChessBase"]
[SourceDate "2023.10.10"]
[SourceVersion "1"]
[SourceVersionDate "2023.10.10"]
[SourceQuality "1"]

1. e4 Nf6 2. e5 Nd5 3. d4 d6 4. Nf3 dxe5 5. Nxe5 c6 6. Be2 Bf5 7. a3 Nd7 8. c4 Nc7 9. Nf3 e6 10. Bf4 Be7 11. Nc3 Nf6 12. 0-0 0-0 13. b4 Ne4 14. Qb3 a5 15. Nxe4 Bxe4 16. bxa5 Rxa5 17. Qxb7 Ne8 18. Nd2 Bxg2 19. Kxg2 Bg5 20. Be3 Bxe3 21. fxe3 Qg5+ 22. Kh1 Qxe3 23. Qb4 Rg5 24. Nf3 Rf5 25. Qe1 Nf6 26. Qf2 Qf4 27. Bd3 Ne4 28. Qe1 c5 29. Qxe4 Qxe4 30. Bxe4 Rf4 31. Rae1 cxd4 32. Nxd4 1-0

[Event "NOR-chT Clubs"]
[Site "Fagernes"]
[Date "2011.10.14"]
[Round "2"]
[White "Hansen, Pal Andreas"]
[Black "Syvertsen, Rolf Erik"]
[Result "1-0"]
[WhiteElo "1957"]
[BlackElo "1637"]
[PlyCount "51"]
[EventDate "2011.10.14"]
[EventType "team-tourn"]
[EventRounds "6"]
[EventCountry "NOR"]
[SourceTitle "CBM 144 Extra"]
[Source "ChessBase"]
[SourceDate "2011.10.28"]
[SourceVersion "1"]
[SourceVersionDate "2011.10.28"]
[SourceQuality "1"]

1. d4 d5 2. c4 e6 3. Nf3 Nf6 4. g3 Be7 5. Bg2 0-0 6. 0-0 b6 7. Bf4 Bb7 8. Ne5 c5 9. Nc3 Na6 10. cxd5 exd5 11. Rc1 Ne4 12. Nxe4 dxe4 13. dxc5 Bxc5 14. Nd7 Re8 15. Nxc5 Nxc5 16. Be3 Ne6 17. Qa4 f5 18. Rfd1 Qf6 19. Rd7 Re7 20. Rd2 f4 21. gxf4 Nxf4 22. Qc4+ Kh8 23. Qc8+ Qf8 24. Qxf8+ Rxf8 25. Bxf4 g5 26. Bd6 1-0

[Event "NOR-chT Clubs"]
[Site "Fagernes"]
[Date "2011.10.14"]
[Round "5"]
[White "Hansen, Pal Andreas"]
[Black "Ukkelberg, Oyvind"]
[Result "1-0"]
[WhiteElo "2046"]
[BlackElo "1920"]
[PlyCount "41"]
[EventDate "2011.10.14"]
[EventType "team-tourn"]
[EventRounds "6"]
[EventCountry "NOR"]
[SourceTitle "EXT 2015"]
[Source "ChessBase"]
[SourceDate "2014.11.20"]
[SourceVersion "1"]
[SourceVersionDate "2014.11.20"]
[SourceQuality "1"]

1. Nf3 g6 2. g3 Bg7 3. Bg2 f5 4. 0-0 e5 5. d3 d6 6. c4 Nf6 7. Nc3 c6 8. e4 0-0 9. exf5 gxf5 10. d4 Nbd7 11. b3 exd4 12. Nxd4 Nc5 13. Bb2 Ng4 14. Nde2 Ne5 15. Nf4 Qb6 16. Rb1 Rd8 17. Ncd5 cxd5 18. Nxd5 Qa6 19. Nc7 Qxa2 20. Nxa8 Nxb3 21. Bxe5 1-0

[Event "NOR-chT Clubs"]
[Site "Fagernes"]
[Date "2011.10.14"]
[Round "4"]
[White "Kvisvik, Brede Alexander"]
[Black "Hansen, Pal Andreas"]
[Result "1-0"]
[WhiteElo "2234"]
[BlackElo "1957"]
[PlyCount "63"]
[EventDate "2011.10.14"]
[EventType "team-tourn"]
[EventRounds "6"]
[EventCountry "NOR"]
[SourceTitle "CBM 144 Extra"]
[Source "ChessBase"]
[SourceDate "2011.10.28"]
[SourceVersion "1"]
[SourceVersionDate "2011.10.28"]
[SourceQuality "1"]

1. e4 Nf6 2. e5 Nd5 3. d4 d6 4. Nf3 dxe5 5. Nxe5 c6 6. Be2 Nd7 7. Nf3 e6 8. c4 N5f6 9. 0-0 Be7 10. Nc3 0-0 11. Bf4 Re8 12. Qc2 Bf8 13. Rad1 b6 14. Ne5 Bb7 15. Bf3 Qc8 16. Rfe1 c5 17. Nxd7 Nxd7 18. d5 e5 19. Bg5 f6 20. Bh4 g6 21. g4 g5 22. Bg3 Bd6 23. Be4 Nf8 24. Bf5 Qd8 25. h4 h6 26. hxg5 hxg5 27. Kg2 Re7 28. Rh1 Bc8 29. Rh6 Rg7 30. Rdh1 Qe7 31. Bxc8 Rxc8 32. Ne4 1-0

[Event "Oslo Sveins op 3rd"]
[Site "Oslo"]
[Date "2010.06.22"]
[Round "9"]
[White "Wibe, Per H"]
[Black "Hansen, Pal Andreas"]
[Result "1/2-1/2"]
[WhiteElo "1813"]
[BlackElo "2075"]
[PlyCount "32"]
[EventDate "2010.06.18"]
[EventType "swiss"]
[EventRounds "9"]
[EventCountry "NOR"]
[SourceTitle "CBM 137 Extra"]
[Source "ChessBase"]
[SourceDate "2010.09.01"]
[SourceVersion "1"]
[SourceVersionDate "2010.09.01"]
[SourceQuality "1"]

1. b3 d6 2. Bb2 Nd7 3. g3 Ngf6 4. Bg2 g6 5. e3 Bg7 6. f4 0-0 7. Ne2 e5 8. 0-0 c6 9. h3 Qc7 10. c4 Re8 11. g4 Nc5 12. d4 exd4 13. exd4 Nce4 14. Nbc3 Nxc3 15. Nxc3 Bd7 16. Qd3 Qb6 1/2-1/2

[Event "Arctic Chess Challenge"]
[Site "Tromsoe"]
[Date "2009.08.08"]
[Round "8"]
[White "Engstrom, Kaj"]
[Black "Hansen, Pal Andreas"]
[Result "0-1"]
[WhiteElo "2274"]
[BlackElo "2042"]
[PlyCount "72"]
[EventDate "2009.08.01"]
[EventType "swiss"]
[EventRounds "9"]
[EventCountry "NOR"]
[SourceTitle "CBM 131 Extra"]
[Source "ChessBase"]
[SourceDate "2009.09.03"]
[SourceVersion "2"]
[SourceVersionDate "2009.09.16"]
[SourceQuality "1"]

1. e4 c5 2. Nf3 g6 3. Bc4 Bg7 4. 0-0 Nc6 5. c3 d6 6. h3 Nf6 7. Re1 0-0 8. Bb3 b5 9. d4 cxd4 10. cxd4 Na5 11. Bc2 Bb7 12. Bd2 Rc8 13. b3 d5 14. e5 Ne4 15. Ng5 Nxd2 16. Nxd2 Qb6 17. Ngf3 Rc3 18. Nf1 Rfc8 19. Bd3 Nc6 20. Be2 Bh6 21. N1h2 Nb4 22. Ng4 Bf4 23. g3 Rc1 24. Rxc1 Rxc1 25. gxf4 Rxd1 26. Bxd1 Nc6 27. f5 Nxd4 28. Nxd4 Qxd4 29. f6 e6 30. Bf3 h5 31. Nh2 Qd2 32. Re2 Qd1+ 33. Kg2 d4 34. Rb2 d3 35. a4 Bxf3+ 36. Nxf3 Qc2 0-1

[Event "Arctic Chess Challenge"]
[Site "Tromsoe"]
[Date "2009.08.07"]
[Round "7"]
[White "Hansen, Pal Andreas"]
[Black "Fernandez, Daniel"]
[Result "1-0"]
[WhiteElo "2042"]
[BlackElo "2424"]
[PlyCount "113"]
[EventDate "2009.08.01"]
[EventType "swiss"]
[EventRounds "9"]
[EventCountry "NOR"]
[SourceTitle "CBM 131 Extra"]
[Source "ChessBase"]
[SourceDate "2009.09.03"]
[SourceVersion "2"]
[SourceVersionDate "2009.09.16"]
[SourceQuality "1"]

1. d4 Nf6 2. c4 e5 3. dxe5 Ng4 4. e3 Nxe5 5. Nh3 g6 6. Nf4 Bg7 7. Be2 0-0 8. 0-0 b6 9. Nd2 Bb7 10. Nf3 f6 11. Bd2 a5 12. a3 a4 13. Bc3 Nbc6 14. Nd4 Re8 15. Nd5 Nxd4 16. exd4 Nf7 17. Bd2 f5 18. Bf4 Bxd5 19. cxd5 Re4 20. Be3 Qf6 21. Bd3 Re7 22. Qd2 f4 23. Bxf4 Qxd4 24. Rab1 Ne5 25. Be2 Qxd2 26. Bxd2 d6 27. Bb5 Nd7 28. Bc6 Ra7 29. Bg5 Bf6 30. Bxd7 Bxg5 31. Be6+ Kg7 32. f4 Bf6 33. g4 Ra5 34. Rfc1 Rc5 35. Rxc5 dxc5 36. b3 axb3 37. Rxb3 c4 38. Rb4 c5 39. Rxc4 b5 40. Rc2 b4 41. axb4 cxb4 42. Rc8 g5 43. Rg8+ Kh6 44. h4 Bd4+ 45. Kg2 gxf4 46. g5+ Kh5 47. Kh3 Bg7 48. Re8 Rc7 49. Bg4+ Kg6 50. Re6+ Kf7 51. Bh5+ Kg8 52. d6 Rd7 53. Be8 Rd8 54. Ba4 f3 55. d7 Rf8 56. Re8 f2 57. Bb5 1-0

[Event "Arctic Chess Challenge"]
[Site "Tromsoe"]
[Date "2009.08.02"]
[Round "2"]
[White "Prohl, Frank"]
[Black "Hansen, Pal Andreas"]
[Result "0-1"]
[WhiteElo "1481"]
[BlackElo "2042"]
[PlyCount "104"]
[EventDate "2009.08.01"]
[EventType "swiss"]
[EventRounds "9"]
[EventCountry "NOR"]
[SourceTitle "CBM 131 Extra"]
[Source "ChessBase"]
[SourceDate "2009.09.03"]
[SourceVersion "2"]
[SourceVersionDate "2009.09.16"]
[SourceQuality "1"]

1. f4 d6 2. Nf3 Bg4 3. e3 Nf6 4. Be2 Nbd7 5. d3 g6 6. b3 Bg7 7. Bb2 c6 8. 0-0 0-0 9. Kh1 Re8 10. Ng5 Bxe2 11. Qxe2 e5 12. f5 Rf8 13. fxg6 hxg6 14. Nd2 Nd5 15. Nde4 f5 16. Ne6 Qe7 17. Nxf8 Rxf8 18. Nd2 Bh6 19. Rf3 N7f6 20. Raf1 Ng4 21. Re1 Bxe3 22. Nc4 Nf4 23. Qf1 Qh4 24. h3 Bf2 25. Bxe5 dxe5 26. Nxe5 Bxe1 27. Rxf4 Nf2+ 28. Rxf2 Qxf2 29. Qxf2 Bxf2 30. Nxg6 Re8 31. g4 fxg4 32. hxg4 Re2 33. Kg2 Rxc2 34. a4 Kg7 35. Nf4 Be3+ 36. Kf3 Bxf4 37. Kxf4 Rc3 38. b4 Rxd3 39. Ke4 Ra3 40. a5 Kf6 41. Kd4 Kg5 42. Kc4 Ra1 43. Kb3 Rb1+ 44. Ka4 Kxg4 45. Ka3 Kf4 46. Ka2 Rxb4 47. Ka3 Rb5 48. Ka4 Ke3 49. a6 bxa6 50. Ka3 Kd4 51. Ka4 Kc3 52. Ka3 Ra5# 0-1

[Event "Arctic Chess Challenge"]
[Site "Tromsoe"]
[Date "2009.08.01"]
[Round "1"]
[White "Hansen, Pal Andreas"]
[Black "Sulskis, Sarunas"]
[Result "0-1"]
[WhiteElo "2042"]
[BlackElo "2559"]
[PlyCount "134"]
[EventDate "2009.08.01"]
[EventType "swiss"]
[EventRounds "9"]
[EventCountry "NOR"]
[SourceTitle "CBM 131 Extra"]
[Source "ChessBase"]
[SourceDate "2009.09.03"]
[SourceVersion "2"]
[SourceVersionDate "2009.09.16"]
[SourceQuality "1"]

1. d4 d5 2. c4 c6 3. cxd5 cxd5 4. Nc3 Nc6 5. Nf3 e6 6. Bf4 Qb6 7. Qd2 Nf6 8. e3 Ne4 9. Qc2 Qa5 10. Nd2 g5 11. Bg3 Nxg3 12. hxg3 h6 13. Be2 Bd7 14. Bh5 Rc8 15. Rc1 Bg7 16. Nb3 Qb6 17. Nc5 Bxd4 18. Bxf7+ Kxf7 19. Nxd7 Bxc3+ 20. Qxc3 Qb4 21. Qxb4 Nxb4 22. Kd2 Nc6 23. Nc5 b6 24. Nd3 Kg7 25. f4 Ne7 26. Rh5 Rxc1 27. Kxc1 Nf5 28. fxg5 hxg5 29. Rxh8 Kxh8 30. Kd2 Nxg3 31. b4 Kg7 32. b5 Ne4+ 33. Kc2 Nd6 34. a4 Nc4 35. Nb4 Nxe3+ 36. Kd2 Nc4+ 37. Kc3 Kf6 38. Nc6 e5 39. Nxa7 g4 40. Nc8 g3 41. a5 bxa5 42. b6 Nxb6 43. Nxb6 Ke6 44. Na4 Kd6 45. Nb2 Kc6 46. Nd3 e4 47. Nc1 a4 48. Kd4 a3 49. Na2 Kb5 50. Nc1 Kb4 51. Kxd5 e3 52. Ke4 e2 53. Nxe2 a2 54. Nd4 Kc3 55. Ne2+ Kc4 56. Nxg3 Kc5 57. Ne2 Kd6 58. g4 Ke7 59. Kf5 a1Q 60. Nf4 Qf6+ 61. Ke4 Kd6 62. Ke3 Qc3+ 63. Ke4 Qc2+ 64. Ke3 Ke5 65. Nd3+ Kf6 66. Nf2 Kg5 67. Kf3 Qc3+ 0-1

[Event "Gjovik op"]
[Site "Gjovik"]
[Date "2009.01.01"]
[Round "4"]
[White "Nielsen, Jorgen Grotum"]
[Black "Hansen, Pal Andreas"]
[Result "1-0"]
[WhiteElo "2184"]
[BlackElo "2074"]
[PlyCount "71"]
[EventDate "2008.12.29"]
[EventType "swiss"]
[EventRounds "9"]
[EventCountry "NOR"]
[SourceTitle "CBM 130 Extra"]
[Source "ChessBase"]
[SourceDate "2009.07.02"]
[SourceVersion "2"]
[SourceVersionDate "2009.07.15"]
[SourceQuality "1"]

1. d4 Nf6 2. c4 g6 3. Nc3 Bg7 4. e4 d6 5. f3 0-0 6. Be3 Nc6 7. Nge2 a6 8. Qd2 Re8 9. Nc1 e5 10. d5 Nd4 11. N1e2 c5 12. dxc6 bxc6 13. Nxd4 exd4 14. Bxd4 d5 15. cxd5 cxd5 16. e5 Nh5 17. Be2 Qh4+ 18. Bf2 Qf4 19. Rd1 Bxe5 20. Nxd5 Qxd2+ 21. Rxd2 Bb7 22. Nb6 Rad8 23. Rxd8 Rxd8 24. Nc4 Bd4 25. Bxd4 Rxd4 26. Kf2 Bd5 27. Rc1 Nf4 28. b3 Kf8 29. Ne3 Rd2 30. Rc2 Rxc2 31. Nxc2 a5 32. Ne3 Ke7 33. g3 Nxe2 34. Nxd5+ Kd6 35. Kxe2 Kxd5 36. Kd3 1-0

[Event "Politiken Cup 30th"]
[Site "Helsingor"]
[Date "2008.07.21"]
[Round "4"]
[White "Olsen, Peter Erik"]
[Black "Hansen, Pal Andreas"]
[Result "1/2-1/2"]
[WhiteElo "2224"]
[BlackElo "2069"]
[PlyCount "35"]
[EventDate "2008.07.19"]
[EventType "swiss"]
[EventRounds "10"]
[EventCountry "DEN"]
[SourceTitle "CBM 125 Extra"]
[Source "ChessBase"]
[SourceDate "2008.09.01"]
[SourceVersion "1"]
[SourceVersionDate "2008.09.01"]
[SourceQuality "1"]

1. d4 Nf6 2. c4 g6 3. Nc3 Bg7 4. e4 d6 5. Bg5 h6 6. Bh4 c5 7. d5 Qa5 8. Qd2 g5 9. Bg3 Nh5 10. Bd3 Nd7 11. Nge2 Ne5 12. Rb1 Nxg3 13. hxg3 g4 14. a3 Bd7 15. Nf4 Nxd3+ 16. Nxd3 0-0-0 17. Ne2 Qxd2+ 18. Kxd2 1/2-1/2

[Event "Politiken Cup 30th"]
[Site "Helsingor"]
[Date "2008.07.20"]
[Round "2"]
[White "Marusenko, Petr"]
[Black "Hansen, Pal Andreas"]
[Result "1-0"]
[WhiteElo "2327"]
[BlackElo "2069"]
[PlyCount "83"]
[EventDate "2008.07.19"]
[EventType "swiss"]
[EventRounds "10"]
[EventCountry "DEN"]
[SourceTitle "CBM 125 Extra"]
[Source "ChessBase"]
[SourceDate "2008.09.01"]
[SourceVersion "1"]
[SourceVersionDate "2008.09.01"]
[SourceQuality "1"]

1. Nf3 Nf6 2. d4 g6 3. c3 Bg7 4. Bf4 0-0 5. h3 d5 6. e3 Ne4 7. Bd3 Nd6 8. Nbd2 Nd7 9. 0-0 Nf6 10. Qb3 Rb8 11. Rac1 b5 12. Ne5 Rb6 13. Qc2 Nc4 14. b3 Nxd2 15. Qxd2 Ne4 16. Qe2 f6 17. Nf3 g5 18. Bh2 g4 19. hxg4 Bxg4 20. Qc2 Bxf3 21. gxf3 Ng5 22. f4 Nf3+ 23. Kg2 Nxh2 24. Kxh2 f5 25. Kg2 Rg6+ 26. Kf3 Qd7 27. Ke2 a6 28. c4 Rc6 29. Rg1 e6 30. c5 Rb8 31. Rg5 Rf8 32. b4 Rf7 33. a4 e5 34. axb5 e4 35. bxc6 exd3+ 36. Qxd3 Qxc6 37. Ra1 Rf6 38. Ra5 Qb7 39. b5 axb5 40. Qxb5 Qxb5+ 41. Rxb5 h6 42. Rb8+ 1-0